000
00274nam a2200121Ia 4500
005
20251222143159.0
008
251222s9999||||xx |||||||||||||| ||spa||
082
_a
516/C12
100
_a
Caballero, Luis Ubaldo
245
0
_a
GeometrĂa
264
_b
San Marcos
942
_c
LIB
999
_c
13011
_d
13011